| 000 | 00972nam a22002897a 4500 | ||
|---|---|---|---|
| 001 | 000643 | ||
| 003 | DO-SdBNP | ||
| 005 | 20180208142625.0 | ||
| 007 | 000643 | ||
| 008 | 161104b 2003 mx a ||||| |||| 00| 0 spa d | ||
| 020 | _a9789870401919 | ||
| 040 |
_aBPMSU _bspa _cBPMSU |
||
| 100 | 1 | _aReyes, Yolanda | |
| 245 | 1 | 0 |
_aEl terror de Sexto B y otras historias del colegio / _cYolanda Reyes ; ilustraciones de Daniel Rabanal. |
| 260 |
_aMexico : _bAlfaguara, _c2003 _g2ª ed. 7ª reimp. 2011 |
||
| 300 |
_a78 p. : _bil. ; _c20 cm. |
||
| 490 | 1 | _aAlfaguara infantil. | |
| 500 | _aDesde 10 años | ||
| 500 | _aIncluye datos del autor. | ||
| 500 | _aséptima reimpresión: enero de 2011 | ||
| 500 | _aEn algunas reimpresiones el título es "El terror de sexto B". | ||
| 700 | 1 | 2 |
_aRabanal, Daniel, _d1949- _eil. |
| 830 | 0 | _aAlfaguara infantil. | |
| 942 |
_2ddc _cBK |
||
| 945 | _aInventariado, 2018 /LP | ||
| 956 |
_2LOPEREZ _310 _620161104 _8BPMSU _a00041 |
||
| 999 |
_c11788 _d11788 |
||